Smart electronic materials : (Record no. 2728)
[ view plain ]
| 000 -LEADER | |
|---|---|
| fixed length control field | 01042nac a22002531u 4500 |
| 010 ## - LIBRARY OF CONGRESS CONTROL NUMBER | |
| LC control number | 2006530758 |
| 020 ## - INTERNATIONAL STANDARD BOOK NUMBER | |
| International Standard Book Number | 0521850274 |
| 024 3# - | |
| -- | 9780521850274 |
| 035 ## - SYSTEM CONTROL NUMBER | |
| System control number | (CStRLIN)CTYA6975071-B |
| 035 ## - SYSTEM CONTROL NUMBER | |
| System control number | (CtY)6975071 |
| 082 04 - DEWEY DECIMAL CLASSIFICATION NUMBER | |
| Classification number | 621.381 |
| Item number | S61735 |
| 090 ## - LOCALLY ASSIGNED LC-TYPE CALL NUMBER (OCLC); LOCAL CALL NUMBER (OCLC) | |
| -- | 2728 |
| -- | 2728 |
| 100 ## - MAIN ENTRY--PERSONAL NAME | |
| Personal name | Singh, Jasprit. |
| 245 10 - TITLE STATEMENT | |
| Title | Smart electronic materials : |
| Remainder of title | fundamentals and applications / |
| Statement of responsibility, etc | Jasprit Singh. |
| 260 ## - PUBLICATION, DISTRIBUTION, ETC. (IMPRINT) | |
| Place of publication, distribution, etc | Cambridge : |
| Name of publisher, distributor, etc | Cambridge University Press,2005. |
| Date of publication, distribution, etc | 2005 |
| 300 ## - PHYSICAL DESCRIPTION | |
| Extent | xxii, 408 p. : |
| Other physical details | ill. ; |
| Dimensions | 26 cm. |
| 504 ## - BIBLIOGRAPHY, ETC. NOTE | |
| Bibliography, etc | Includes bibliographical references and index. |
| 650 #0 - SUBJECT ADDED ENTRY--TOPICAL TERM | |
| Topical term or geographic name as entry element | Smart materials. |
| 650 #0 - SUBJECT ADDED ENTRY--TOPICAL TERM | |
| Topical term or geographic name as entry element | Electronics |
| General subdivision | Materials. |
| 856 42 - ELECTRONIC LOCATION AND ACCESS | |
| Materials specified | Publisher description |
| Uniform Resource Identifier | <a href="http://www.loc.gov/catdir/enhancements/fy0664/2006530758-d.html">http://www.loc.gov/catdir/enhancements/fy0664/2006530758-d.html</a> |
| 856 42 - ELECTRONIC LOCATION AND ACCESS | |
| Materials specified | Table of contents only |
| Uniform Resource Identifier | <a href="http://www.loc.gov/catdir/enhancements/fy0664/2006530758-t.html">http://www.loc.gov/catdir/enhancements/fy0664/2006530758-t.html</a> |
| 942 ## - ADDED ENTRY ELEMENTS (KOHA) | |
| Item type | Book - Borrowing |
| Call number prefix | 621.381 S61735 |
| Withdrawn status | Item status | Source of classification or shelving scheme | Damaged status | Not for loan | Home library | Current library | Shelving location | Date acquired | Source of acquisition | Cost, normal purchase price | Total Checkouts | Total Renewals | Full call number | Barcode | Date last seen | Date last borrowed | Cost, replacement price | Koha item type |
|---|---|---|---|---|---|---|---|---|---|---|---|---|---|---|---|---|---|---|
| Dewey Decimal Classification | Central Library | Central Library | First floor | 11/04/2007 | Purchase | 540.00 | 2 | 2 | 621.381 SIN | 000001402 | 15/07/2025 | 26/03/2019 | 675.00 | Book - Borrowing |